|
|
|
|
| LEADER |
00000nab a2200000 a 4500 |
| 001 |
vtls000115043 |
| 003 |
SK-MaSNL |
| 005 |
20260304072143.0 |
| 008 |
250423c1982 xo 0 slo |
| 015 |
|
|
|a SNBRB19rr/mm-uuuuu
|
| 035 |
|
|
|a CL0125147
|
| 035 |
|
|
|a urn:nbn:sk:snk-ab34a
|
| 035 |
|
|
|a (urnnbn)urn:nbn:sk:snk:ar-0054qm
|
| 035 |
|
|
|a (uuid)a993be0a-006c-409b-b96d-25780bb42260
|
| 040 |
|
|
|a SNKBUCL
|b slo
|c SNKBUCL
|e AACR2
|
| 041 |
0 |
|
|a slo
|
| 044 |
|
|
|a xo
|c SK
|
| 080 |
|
|
|a 76
|2 1981
|
| 080 |
|
|
|a 08
|2 1981
|
| 100 |
1 |
|
|a Veselý, Marian,
|d 1944-
|4 aut
|9 161395
|
| 245 |
1 |
0 |
|a Ilustrácie pre deti
|b SSR
|c Marián Veselý
|
| 300 |
|
|
|b Obr. 3.
|
| 611 |
1 |
7 |
|a Bienále ilustrácií Bratislava
|n (8. :
|d 1981 :
|c Bratislava, Slovensko)
|2 snkbucl
|9 453023
|
| 650 |
0 |
7 |
|a publikácie pre deti
|2 snkbucl
|9 249868
|
| 650 |
0 |
7 |
|a knižné ilustrácie
|2 snkbucl
|9 2742
|
| 655 |
|
7 |
|a články z novín a časopisov
|2 snkbucl
|9 267496
|
| 773 |
0 |
|
|t Výtvarný život
|g Roč. 27, č. 3 (1982), s. 4-6
|
| 850 |
|
|
|a Slovenská národná knižnica
|
| 852 |
|
|
|a Slovenská národná knižnica
|
| 954 |
|
|
|a odborná, vedecká literatúra pôvodná (slovenská)
|2 lita
|
| 958 |
|
|
|a article27
|
| 958 |
|
|
|a RK
|
| 958 |
|
|
|a OND
|
| 958 |
|
|
|a EUIPO
|
| 992 |
|
|
|a RBX
|
| 999 |
|
|
|c 2764813
|d 2766743
|